| 000 | 01014nam a2200253 i 4500 | ||
|---|---|---|---|
| 001 | 172548 | ||
| 003 | ES-MaACL | ||
| 005 | 20250804054933.0 | ||
| 008 | 090716s1967 fr |||| | fre d | ||
| 080 | _a27-141 | ||
| 100 | 0 |
_aAnselmo _cSanto, Arzobispo de Canterbury. _921838 |
|
| 245 | 1 | 0 |
_aFides quaerens intellectum id est Proslogion, Liber gaunilonis pro insipiente atque Liber apologeticus contra gaunilonem / _cSaint Anselme de Cantorbéry ; texte et traduction par Alexandre Koyré. |
| 250 | _a4e ed. | ||
| 260 |
_aParis : _bLibrairie Philosophique J. Vrin, _c1967. |
||
| 300 |
_aX, 97 p. ; _c18 cm. |
||
| 490 | 1 | _aBibliothèque des textes philosophiques | |
| 546 | _aTexto latino y traducción francesa. | ||
| 650 | 0 | 4 |
_aDios- _xExistencia _911904 |
| 700 | 0 |
_aKoyré, Alexandre. _968687 |
|
| 830 | 0 |
_aBibliothèque des textes philosophiques _9182654 |
|
| 852 |
_aES-MaACL _jE-12868 _9R.139210 _z.- Biblioteca Jacinto Martínez Lacalle |
||
| 999 |
_c172548 _d172548 |
||